Podnikateľ fyzická osoba z pohľadu optimalizácie daňového a odvodového zaťaženi bakalárska práca

Saved in:
Bibliographic Details
Main Author: Mariničová, Monika
Corporate Author: Fakulta hospodárskej informatiky EU. Katedra účtovníctva a audítorstva
Other Authors: Benko, Ján
Format: Book
Language:Slovak
Published: Bratislava 2018
Tags: Add Tag
No Tags, Be the first to tag this record!

MARC

LEADER 00000nbm a2200000 4500
001 0245186
005 20181106083648.4
041 0 |a slo 
044 |a SK 
245 1 0 |a Podnikateľ fyzická osoba z pohľadu optimalizácie daňového a odvodového zaťaženi  |b bakalárska práca  |c Monika Mariničová ; školiteľ: Ján Benko 
264 1 |a Bratislava  |c 2018 
300 |a 47 s. 
100 1 |a Mariničová, Monika 
700 1 |a Benko, Ján 
710 2 |a Fakulta hospodárskej informatiky EU. Katedra účtovníctva a audítorstva